Llwytho...
Question papers for the Ninth agricultural research service examination held in 1990
| Prif Awdur: | |
|---|---|
| Fformat: | Printed Book |
| Iaith: | Undetermined English |
| Cyhoeddwyd: |
New Delhi
Indian Council of Agricultural research
1991
|
| Pynciau: |
| LEADER | 00640nam a2200169Ia 4500 | ||
|---|---|---|---|
| 008 | 140306s9999 xx 000 0 und d | ||
| 041 | |a eng | ||
| 082 | |a 630 |b IND/QU | ||
| 100 | |a Indian council of, Agricultural Research | ||
| 245 | |a Question papers for the Ninth agricultural research service examination held in 1990 | ||
| 260 | |a New Delhi |b Indian Council of Agricultural research |c 1991 | ||
| 300 | |a 175 | ||
| 365 | |b Rs.17 | ||
| 650 | |a Agriculture | ||
| 942 | |2 ddc |c BK | ||
| 999 | |c 115284 |d 115284 | ||
| 952 | |0 0 |1 0 |2 ddc |4 0 |6 630_000000000000000_INDQU |7 0 |9 113681 |a KAUHCV |b KAUHCV |d 2004-04-23 |g 17.00 |o 630 IND/QU |p KAU_HCV-23698 |r 2014-03-22 |w 2014-03-22 |y BK | ||